Право в культурном измерении (Запись № 13495426)

Подробности
000 -МАРКЕР
контрольное поле 02823nam0a2200409 4500
001 - ИДЕНТИФИКАТОР ЗАПИСИ
контрольное поле RU\NLR\BIBL_A\022180651
005 - ИДЕНТИФИКАТОР ВЕРСИИ
контрольное поле 20260409063037.0
010 ## - МЕЖДУНАРОДНЫЙ СТАНДАРТНЫЙ НОМЕР КНИГИ (ISBN)
Номер (ISBN) 978-5-392-39064-9
Тираж 1000
035 ## - ДРУГИЕ СИСТЕМНЫЕ НОМЕРА
Идентификатор записи (NLR Aleph) 022180651
100 ## - ДАННЫЕ ОБЩЕЙ ОБРАБОТКИ
Данные общей обработки 20240327d2023 k y0rusy50 ca
101 0# - ЯЗЫК РЕСУРСА
Язык текста, звукозаписи и т.д. русский
102 ## - СТРАНА ПУБЛИКАЦИИ ИЛИ ПРОИЗВОДСТВА
Страна публикации российская федерация
105 ## - ПОЛЕ КОДИРОВАННЫХ ДАННЫХ: ТЕКСТОВЫЕ МАТЕРИАЛЫ, МОНОГРАФИЧЕСКИЕ
Кодированные данные о монографическом текстовом документе y z 000yy
181 #0 - ПОЛЕ КОДИРОВАННЫХ ДАННЫХ: ВИД СОДЕРЖАНИЯ
Код вида содержания (ISBD) i
Код характеристики содержания (ISBD) axxe
182 #0 - ПОЛЕ КОДИРОВАННЫХ ДАННЫХ: ТИП СРЕДСТВА
Код типа средства (ISBD) n - непосредственное
200 1# - ЗАГЛАВИЕ И СВЕДЕНИЯ ОБ ОТВЕТСТВЕННОСТИ
Основное заглавие Право в культурном измерении
Сведения, относящиеся к заглавию новые векторы развития
-- монография
-- по состоянию на 1 сентября 2022 г.
Первые сведения об ответственности [Автономов Алексей Станиславович, доктор юридических наук, профессор, Бабурин Сергей Николаевич, заслуженный деятель науки Российской Федерации, доктор юридических наук, профессор, Багдасарян Сусанна Джамиловна, профессор, доктор исторических наук, доцент и др.]
Последующие сведения об ответственности под общей редакцией докторов юридических наук, профессоров В. Н. Синюкова, М. А. Егоровой
-- Министерство науки и высшего образования Российской Федерации, Московский государственный юридический университет имени О. Е. Кутафина (МГЮА)
203 ## - ВИД СОДЕРЖАНИЯ И ТИП СРЕДСТВА
Вид содержания Текст
Дополнительные сведения об издании визуальный
Тип средства непосредственный
210 ## - ПУБЛИКАЦИЯ, РАСПРОСТРАНЕНИЕ И ДР.
Место издания, распространения и т.д. Москва
Имя издателя, распространителя и т. д. Проспект
Дата издания, распространения и т.д. 2023
215 ## - ФИЗИЧЕСКАЯ ХАРАКТЕРИСТИКА
Специфическое обозначение материала и объем 355 с.
Размеры 22
300 ## - ОБЩИЕ ПРИМЕЧАНИЯ
Текст примечания Авт. указаны на с. 3–5
320 ## - ПРИМЕЧАНИЯ О НАЛИЧИИ В ДОКУМЕНТЕ БИБЛИОГРАФИИ / УКАЗАТЕЛЯ
Текст примечания Библиогр. в конце гл. и в подстроч. примеч.
606 1# - НАИМЕНОВАНИЕ ТЕМЫ КАК ПРЕДМЕТ
Наименование темы Правовая культура
Системный номер авторитетной/нормативной записи 1490275
Идентификатор авторитетной/нормативной записи RU\NLR\AUTH\66640466
606 1# - НАИМЕНОВАНИЕ ТЕМЫ КАК ПРЕДМЕТ
Наименование темы Право и культура
Системный номер авторитетной/нормативной записи 2283289
Идентификатор авторитетной/нормативной записи RU\NLR\AUTH\661367869
686 1# - ИНДЕКСЫ ДРУГИХ КЛАССИФИКАЦИЙ
Индекс Х062
686 1# - ИНДЕКСЫ ДРУГИХ КЛАССИФИКАЦИЙ
Индекс Х082
686 1# - ИНДЕКСЫ ДРУГИХ КЛАССИФИКАЦИЙ
Индекс Х621.152
701 #1 - ИМЯ ЛИЦА - АЛЬТЕРНАТИВНАЯ ОТВЕТСТВЕННОСТЬ
Материалы, к которым относится поле rus
Графика поля Кириллица
Начальный элемент ввода Автономов
Часть имени, кроме начального элемента ввода А. С.
Даты 1959-
Расширение инициалов личного имени Алексей Станиславович
Идентификатор авторитетной/нормативной записи RU\NLR\AUTH\7737349
Системный номер авторитетной/нормативной записи 20338
701 #1 - ИМЯ ЛИЦА - АЛЬТЕРНАТИВНАЯ ОТВЕТСТВЕННОСТЬ
Начальный элемент ввода Бабурин
Часть имени, кроме начального элемента ввода С. Н.
Даты 1959-
Расширение инициалов личного имени Сергей Николаевич
701 #1 - ИМЯ ЛИЦА - АЛЬТЕРНАТИВНАЯ ОТВЕТСТВЕННОСТЬ
Начальный элемент ввода Багдасарян
Часть имени, кроме начального элемента ввода С. Д.
Дополнения к именам, кроме дат д-р ист. наук
Даты 1973-
Расширение инициалов личного имени Сусанна Джамиловна
Системный номер авторитетной/нормативной записи 152355
Идентификатор авторитетной/нормативной записи RU\NLR\AUTH\770152393
702 #1 - ИМЯ ЛИЦА - ВТОРИЧНАЯ ОТВЕТСТВЕННОСТЬ
Начальный элемент ввода Синюков
Часть имени, кроме начального элемента ввода В. Н.
Расширение инициалов личного имени Владимир Николаевич
Код отношения Редактор
712 02 - НАИМЕНОВАНИЕ ОРГАНИЗАЦИИ - ВТОРИЧНАЯ ОТВЕТСТВЕННОСТЬ
Код отношения Прочие
Начальный элемент ввода Московский государственный юридический университет им. О. Е. Кутафина
Идентификатор авторитетной/нормативной записи RU\NLR\AUTH\8810235884
Системный номер авторитетной/нормативной записи 357016
942 ## - ДОПОЛНИТЕЛЬНЫЕ ЭЛЕМЕНТЫ ЗАПИСИ (АБИС)
Тип экземпляра АБИС Книга
980 ## - КОЛЛЕКЦИЯ
Название коллекции Национальная библиография

Нет доступных экземпляров.